000 00305nam a22001097a 4500
999 _c197229
_d197229
008 230818b ||||| |||| 00| 0 eng d
022 _a2456-4397
245 _aAnthology The Research
260 _aKanpur
_bSocial Research Foundation
_c2023
300 _aVol 7; Issue. 12
_c27cm.
942 _2ddc
_cSR
_mANT
_s1